00466nam a2200133Ia 4500008004100000040004400041050001100085245010000096260003500196300002000231504003300251700003300284999001500317 1964 a d| a||1 ||eng|d aAhmadu Bello University Library - Zaria aQD 505 0aAdvances in catalysis and related subjectscedited by D.D. Eley, Herman Pines and Paul B. Weisz aNew YorkbAcademic Pressc1964 ax., 355p., ill. aIncludes Reference and Index aPines, Herman;Weisz, Paul B. c7550d7550